000
00263nam a22001097a 4500
005
20251015094917.0
008
251015b |||||||| |||| 00| 0 eng d
040
_c
PK-LaNCA
082
_a
720.92
_b
JOR
245
_a
Jorn Utzon: drawings and buildings
942
_c
BK
999
_c
67110
_d
67110